Detalles MARC
| 000 -CABECERA |
| campo de control de longitud fija |
01542nam a2200301 i 4500 |
| 003 - IDENTIFICADOR DEL NÚMERO DE CONTROL |
| campo de control |
DO-SdBNP |
| 005 - FECHA Y HORA DE LA ÚLTIMA TRANSACCIÓN |
| campo de control |
20240416150005.0 |
| 007 - CAMPO FIJO DE DESCRIPCIÓN FÍSICA--INFORMACIÓN GENERAL |
| campo de control de longitud fija |
ta |
| 008 - DATOS DE LONGITUD FIJA--INFORMACIÓN GENERAL |
| campo de control de longitud fija |
211029b2021 dr d ||| |||| 00| 0 spa d |
| 020 ## - NÚMERO INTERNACIONAL ESTÁNDAR DEL LIBRO |
| Número Internacional Estándar del Libro |
9789945621402 |
| 040 ## - FUENTE DE LA CATALOGACIÓN |
| Centro catalogador/agencia de origen |
DO-SdBNP |
| Lengua de catalogación |
spa |
| Centro/agencia transcriptor |
BNPHU |
| Normas de descripción |
rda |
| 082 ## - NÚMERO DE LA CLASIFICACIÓN DECIMAL DEWEY |
| Número de edición |
22 |
| 110 1# - ENTRADA PRINCIPAL--NOMBRE DE ENTIDAD CORPORATIVA |
| Nombre de entidad corporativa o nombre de jurisdicción como elemento de entrada |
República Dominicana. |
| Unidad subordinada |
Ministerio de Salud Pública y Asistencia Social. |
| 9 (RLIN) |
78774 |
| 245 10 - MENCIÓN DE TÍTULO |
| Título |
Manual de intervención para modelos diferenciados de tratamiento integral dirigido a la población con VIH / |
| Mención de responsabilidad, etc. |
coordinación técnica y editorial ; Monica Cristina Thormann Peynado. |
| 264 #1 - PRODUCCIÓN, PUBLICACIÓN, DISTRIBUCIÓN, FABRICACIÓN Y COPYRIGHT |
| Producción, publicación, distribución, fabricación y copyright |
Santo Domingo : |
| Nombre del de productor, editor, distribuidor, fabricante |
Ministerio de Salud Pública y Asistencia Social, |
| Fecha de producción, publicación, distribución, fabricación o copyright |
2021. |
| 300 ## - DESCRIPCIÓN FÍSICA |
| Extensión |
37 páginas |
| Otras características físicas |
graficas |
| Dimensiones |
26 cm. |
| 336 ## - TIPO DE CONTENIDO |
| Fuente |
rdacontent |
| Término de tipo de contenido |
texto |
| Código de tipo de contenido |
txt |
| 337 ## - TIPO DE MEDIO |
| Fuente |
rdamedia |
| Nombre/término del tipo de medio |
sin mediación |
| Código del tipo de medio |
n |
| 338 ## - TIPO DE SOPORTE |
| Fuente |
rdacarrier |
| Nombre/término del tipo de soporte |
volumen |
| Código del tipo de soporte |
nc |
| 504 ## - NOTA DE BIBLIOGRAFÍA, ETC. |
| Nota de bibliografía, etc. |
Bibliografía : p. 35-37 |
| 505 0# - NOTA DE CONTENIDO CON FORMATO |
| Información miscelánea |
Capítulo 1. |
| Título |
Marco conceptual del Modelo Diferenciado de Atención para VIH -- |
| Información miscelánea |
Capítulo 2. |
| Título |
Clasificación general de los usuarios de los Modelos diferenciados |
| Información miscelánea |
Capítulo 3. |
| Título |
Modelos Diferenciados para usuarios estables -- |
| Información miscelánea |
Capítulo 4. |
| Título |
Modelo Diferenciado de Atención para usuarios inestables -- |
| Información miscelánea |
Capítulo 5. |
| Título |
Modelo Diferenciado de Atención para población clave -- |
| -- |
Anexos. |
| 590 ## - NOTA LOCAL (RLIN) |
| Nota local |
Inventariado, 2021 /LP<br/><br/> |
| 700 1# - PUNTO DE ACCESO ADICIONAL--NOMBRE DE PERSONA |
| Nombre de persona |
Thormann Peynado, Monica Cristina, |
| Término indicativo de función/relación |
coordinador |
| 9 (RLIN) |
80408 |
| 700 1# - PUNTO DE ACCESO ADICIONAL--NOMBRE DE PERSONA |
| Nombre de persona |
Ledesma Báez, José, |
| Término indicativo de función/relación |
coord. |
| 9 (RLIN) |
80392 |
| 700 1# - PUNTO DE ACCESO ADICIONAL--NOMBRE DE PERSONA |
| Nombre de persona |
Jiménez Montás, Marisol, |
| Término indicativo de función/relación |
coord. |
| 9 (RLIN) |
80391 |
| 910 ## - DATOS DE OPCIÓN DEL USUARIO (OCLC) |
| Datos de opción del usuario |
Lopérez |
| 942 ## - ELEMENTOS DE PUNTO DE ACCESO ADICIONAL (KOHA) |
| Fuente del sistema de clasificación o colocación |
Dewey Decimal Classification |
| Tipo de ítem Koha |
Folleto |